Statistics for Top 50 southernmost countries

Click here to take the quiz!

General Stats

  • This quiz has been taken 920 times
    (865 since last reset)
  • The average score is 42 of 50

Answer Stats

HintAnswer% Correct
2Argentina
99%
3Australia
99%
1Chile
99%
4New Zealand
98%
5South Africa
98%
7Brazil
96%
32Indonesia
93%
6Uruguay
93%
8Lesotho
92%
10Paraguay
92%
21Peru
92%
14Madagascar
90%
13Mozambique
90%
9Namibia
90%
15Bolivia
88%
12Botswana
88%
25D.R. Congo
88%
22Zambia
88%
16Zimbabwe
88%
23Angola
86%
18Fiji
85%
30Tanzania
85%
33Tuvalu
85%
37Ecuador
84%
38Kenya
84%
29Papua
84%
40Colombia
83%
24Samoa
83%
17Tonga
83%
47Nauru
81%
49Venezuela
81%
36R. Congo
80%
42Rwanda
80%
28Solomon Islands
80%
31Kiribati
79%
20Vanuatu
79%
27Comoros
78%
34Seychelles
78%
11Swaziland
78%
44Uganda
78%
50Malaysia
77%
19Mauritius
76%
35East Timor
75%
26Malawi
75%
39Burundi
74%
41Gabon
71%
45Equatorial Guinea
66%
43Somalia
66%
46Maldives
65%
48Sao Tome
62%

Score Distribution

Percentile by Number Answered

Percent of People with Each Score

Your Score History

You have not taken this quiz since the last reset